| 000 | 00503nam a2200145Ia 4500 | ||
|---|---|---|---|
| 003 | OSt | ||
| 005 | 20260129142006.0 | ||
| 008 | 211028s2018 xx 000 0 und d | ||
| 040 | _cAIMIT LIBRARY | ||
| 041 | _aeng | ||
| 100 |
_aThomas, Nidhin; James, Justine P. _g1616124 _97879 |
||
| 245 | _aStudy on the effect of perceptual influence on customer satisfaction of Mahindra KUV100 with special reference to eram motors Kannur Kerala / | ||
| 260 |
_aMangalore _bJustine P James. _c2018 |
||
| 942 |
_2ddc _cPRO |
||
| 999 |
_c219447 _d219447 |
||